000 00636nam a2200205Ii 4500
003 JO-AjNU
008 230605s9999||||xx |||||||||||||| ||und||
017 _a1972/2662
040 _aJO-AjNU
_bara
_erda
_cJO-AjNU
041 _aara
050 1 4 _aPN4714.I4245 1972
100 3 _aتأليف إمام، إبراهيم ,
_eauthor
_919858
245 0 0 _aوكالات الأنباء
264 3 1 _aالقاهرة: دار النهضة العربية، 1972
300 _a269ص
336 _atext
_btxt
_2rdacontent
337 _aunmediated
_bn
_2rdamedia
338 _avolume
_bnc
_2rdacarrier
650 4 _aوكالات الأنباء
_919859
999 _aA6627
_c10195
_d10195